| 000 | 00489nam a22001577a 4500 | ||
|---|---|---|---|
| 005 | 20251129154901.0 | ||
| 008 | 251129b |||||||| |||| 00| 0 eng d | ||
| 020 | _a9788121919609 | ||
| 050 |
_aTA401.6 _b.A1 |
||
| 100 | _aRajput, R. K. | ||
| 245 |
_aEngineering Materials _bincluding construction materials _cR. K, Rajput |
||
| 250 |
_a3rd ed. _bthoroughly revised |
||
| 260 |
_aNew Delhi _bS. Chand & Company Limited _c2009 |
||
| 300 |
_axvi. 473p. _bill. _c24cm |
||
| 942 |
_2lcc _cBK _e3rd ed. _n0 |
||
| 999 |
_c8456 _d8456 |
||